| 000 | 00650nam a22001817a 4500 | ||
|---|---|---|---|
| 003 | BUBTL | ||
| 008 | 190306b xxu||||| |||| 00| 0 eng d | ||
| 082 | _a920.72/ Ah52j/ 2017 | ||
| 100 |
_92021 _aআহমেদ, সিরাজ উদদীন |
||
| 245 |
_aজননেত্রী শেখ হাসিনা / _cসিরাজ উদদীন আহমেদ |
||
| 250 | _a2nd ed. | ||
| 260 |
_aঢাকা : _bভাস্কর প্রকাশনী, _cc2017 |
||
| 300 |
_a564 p. : _c22 cm. |
||
| 650 | 0 |
_91755 _aমুক্তিযুদ্ধ |
|
| 856 |
_k0 _l0 _yDownload |
||
| 942 |
_2ddc _cBK |
||
| 999 |
_c5895 _d5895 |
||